000
00342pab a2200145 454500
008
180718b2003 xxu||||| |||| 00| 0 eng d
100
_a
Nachane, Dilip
245
_a
P.R. Brahmananda
260
_c
2003
300
_a
p.870-72.
362
_a
1 Mar
650
_a
Brahmananda, P.R.
773
_a
Economic and Political Weekly
909
_a
55710
999
_c
55710
_d
55710